| 000 | 01043nam a22002417a 4500 | ||
|---|---|---|---|
| 001 | BRCA_9296 | ||
| 003 | FranzMayer | ||
| 005 | 20230726121312.0 | ||
| 008 | 230726b |||||||| |||| 00| 0 eng d | ||
| 040 |
_aMFM _besp _cMFM |
||
| 050 | 4 | _aLM26 | |
| 082 | _2HE617 | ||
| 240 | 1 |
_aCompendio de la Arte dla Navegazion _hExplicazion de la Ajuja _lEspañol |
|
| 245 | 0 |
_aCompendio de la Arte dla Navegazion _bExplicazion de la Ajuja |
|
| 300 |
_a220 p _bilustraciones _c31 cm. |
||
| 500 | _aAl libro le falta la carátula, por lo que se desconocen varios datos como el nombre del autor o responsable, año y lugar de publicación o editorial a cargo. | ||
| 500 | _aEl libro fue reparado, aún así presenta daño por humedad. | ||
| 500 | _aEl libro tiene tiras en las tapas para cerrarlo. | ||
| 505 | 0 | _aTexto en: españolDirigido a: Navegantes, marineros, viajeros y geólogos. | |
| 650 | 1 |
_2Transporte _aComunicaciones _vTrasnportes marinos _928973 |
|
| 651 | 2 |
_2Navegación _aTrasportes acuáticos _vAstronomía _928974 |
|
| 942 |
_2lcc _cB |
||
| 999 |
_c10918 _d10918 |
||